| 000 | 00374nam a22001457a 4500 | ||
|---|---|---|---|
| 003 | OSt | ||
| 005 | 20260316102658.0 | ||
| 007 | 327 pages | ||
| 008 | 260316b |||||||| |||| 00| 0 eng d | ||
| 040 | _c | ||
| 082 |
_a005.8 _bPAR |
||
| 245 |
_aHands-on Artificial Intelligence for cyber security _cParisi,Alessandro |
||
| 260 |
_bPackt _c2019 |
||
| 942 |
_2ddc _cRB _k005.8 _mALE _n0 |
||
| 999 |
_c36319 _d36319 |
||